|
|
|
|
| LEADER |
00000nam a2200000 a 4500 |
| 001 |
vtls009461080 |
| 003 |
SK-MaSNL |
| 005 |
20260302043505.0 |
| 008 |
240314s2008 xo l d p 000 0 slo |
| 015 |
|
|
|a SNBA2009/02-00927
|
| 020 |
|
|
|a 9788096992799
|q (viaz.)
|
| 035 |
|
|
|a 390D159B-1D0D-4FDD-82A1-063466A11F75
|
| 035 |
|
|
|a urn:nbn:sk:snk-amlg53
|
| 035 |
|
|
|a urn:nbn:sk:snk-am0093hu
|
| 040 |
|
|
|a SNK
|b slo
|c SNK
|e AACR2
|
| 041 |
0 |
|
|a slo
|
| 044 |
|
|
|a xo
|c SK
|
| 072 |
|
7 |
|a 33
|x Ekonómia
|2 konspekt
|
| 080 |
|
|
|a 330.101.542
|2 2001
|
| 080 |
|
|
|a (075.8)
|2 2001
|
| 100 |
1 |
|
|a Holková, Vieroslava,
|d 1952-
|4 aut
|9 201311
|
| 245 |
1 |
0 |
|a Mikroekonómia
|c Vieroslava Holková, Alexandra Veselková
|
| 250 |
|
|
|a 1. vyd.
|
| 260 |
|
|
|a Bratislava
|b Sprint dva
|c 2008
|
| 300 |
|
|
|a 314 s.
|b sch., tab.
|c 21 cm
|
| 490 |
1 |
|
|a Economics
|
| 504 |
|
|
|a Bibliogr. s. 313-314. Terminologický slovník
|
| 650 |
0 |
7 |
|a mikroekonómia
|2 SNKPH
|9 2313
|
| 650 |
0 |
7 |
|a Microeconomics
|2 SNKPHeng
|9 319360
|
| 655 |
|
7 |
|a učebnice vysokých škôl
|2 SNKPH
|9 70191
|
| 655 |
|
7 |
|a Textbooks (higher)
|2 SNKPHeng
|9 276436
|
| 700 |
1 |
|
|a Veselková, Alexandra,
|d 1973-
|4 aut
|9 216198
|
| 830 |
|
0 |
|a Economics
|9 318644
|
| 919 |
|
|
|a 978-80-969927-9-9
|
| 958 |
|
|
|a NB
|
| 958 |
|
|
|a OND
|
| 968 |
|
|
|d 33
|
| 999 |
|
|
|c 1086829
|d 1088759
|
| 952 |
|
|
|a SNK
|b SNK
|y PREZ
|7 0
|p 17A0607618
|o snkSC 134005
|i snk2009/162
|8 0
|0 0
|1 0
|4 0
|d 2009-01-14
|f 1
|l 0
|r 2025-06-30 00:00:00
|w 2026-02-24
|
| 952 |
|
|
|a SNK
|b SNK
|y VYP
|7 0
|p 17A0607617
|o snkSC 134005 D1
|i snk2009/163
|8 0
|0 0
|1 0
|4 0
|d 2009-01-14
|l 0
|r 2026-02-24 16:44:55
|w 2026-02-24
|